00685nam a2200217Ia 4500003000400000005001700004008004100021020002400062040000700086041000800093082001600101100003300117245004700150260004800197300000900245650002300254700002700277942001300304999001900317952013100336OSt20250822151923.0250729s2005 xx 000 0 und d a ‎ 978-8171418053 cAL aeng a001.51 HARM aHarshitha Digumurthi9221870 aMethods of teaching information technology aNew DelhibDiscovery Publishing Housec2005 a369p aTechnology9221871 aRao Digumurthi9221872 2ddccBED c235208d235208 00104070aALbALd2025-07-29eSita Book Houseg205.00l0o001.51 HARMpBED00527r2025-07-29 16:53:49v205.00w2025-07-29yBK